000 00339 a2200157 4500
001 74803
020 _a9788581930626
040 _cAnchieta - Colégio São Paulo
100 _aDias, Elaine
240 1 0 _aHeitor dos Prazeres
_lpor
245 1 0 _aHeitor dos Prazeres
300 _a92
362 0 _a2013
650 4 _aPintura
942 _cBK
999 _c74803
_d74803